Reálna hodnota z pohľadu IASB a FASB

Rada pre medzinárodné účtovné štandardy a výbor pre štandardy finančného účtovníctva spoločne ukončili v máji 2011 projekt, ktorého výsledkom má byť zrozumiteľný súbor pravidiel upravujúci stanovenie výšky reálnej hodnoty a oceňovanie na trhoch, ktoré prestali byť aktívne.

Saved in:
Bibliographic Details
Main Author: Mokošová, Daša, 1979-
Format: Book Chapter
Language:Slovak
Subjects:
Tags: Add Tag
No Tags, Be the first to tag this record!

MARC

LEADER 00000naa a2200000 4500
001 0145993
005 20240502072632.1
041 0 |a slo 
044 |a SK 
245 1 0 |a Reálna hodnota z pohľadu IASB a FASB  |c Daša Mokošová 
520 |a Rada pre medzinárodné účtovné štandardy a výbor pre štandardy finančného účtovníctva spoločne ukončili v máji 2011 projekt, ktorého výsledkom má byť zrozumiteľný súbor pravidiel upravujúci stanovenie výšky reálnej hodnoty a oceňovanie na trhoch, ktoré prestali byť aktívne. 
610 2 0 |a harmonizácia 
610 2 0 |a pravidlá účtovné 
610 2 0 |a Európska únia 
610 2 0 |a hodnota reálna 
610 2 0 |a účtovníctvo finančné 
610 2 0 |a štandardy účtovné medzinárodné 
100 1 |a Mokošová, Daša, 1979-